Statistiques concernant Trouve les bon grade !

Cliquez ici pour prendre le quiz!

Statistiques générales

  • Ce quiz a été pris 29 fois
  • Le résultat moyen est 4 sur 8

Statistiques - réponses

Réponse% Correct
Lieutenant
91%
Adjudant
77%
Major
68%
Sergent-Chef
64%
Soldat
50%
Général de corps d'armée
32%
Maréchal de France
23%
Caporal Brigadier
0%

Distribution des résultats

Percentile par nombre de réponses

% des personnes avec chaque résultat

Votre développement - résultats

Vous n’avez pas pris ce quiz